00722nam a2200181 a 4500001001000000003000900010005001700019008004100036040002500077082002000102100003300122245011500155260005500270300001900325650007200344650005700416650006700473000028725DO-SdBNP20250704120934.0110411s2002 dr r 000 0 spa d aDO-SdBNPbspacBNPHU a347.7293bS941e1 aSubero Isa, Jorge A.,d1947-10aEn búsqueda de una política judicial :bdiscurso del presidente de la Suprema Corte de Justicia 1997-2001. aSanto Domingo :bSuprema Corte de Justicia,c2002. a2 v. ;c22 cm. 4aPoder judicialzRepública DominicanavEnsayos, conferencias, etc. 4aAdministración de justiciazRepública Dominicana 4aAdministración de justicia penalvEnsayos, conferencias, etc